000 00304nam a22001337a 4500
008 170316b xxu||||| |||| 00| 0 eng d
020 _a0070163510
041 _aeng
080 _a616.8
100 _a7
101 _aSHM
245 _aTECHNIQUE OF THE NEUROLOGIC EXAMINATION
_cDEMYER, W
942 _2udc
_cBK
999 _c8001
_d8001